| 000 | 00709nam a2200217 i 4500 | ||
|---|---|---|---|
| 001 | bg | ||
| 245 | 0 | 0 |
_aDeterminanty rozwoju małych i średnich przedsiębiorstw / _cred. nauk. Jadwiga Adamczyk, Piotr Bartkowiak. |
| 260 |
_aWarszawa : _bWydawnictwa Naukowo-Techniczne, _c2004. |
||
| 300 |
_a390 s. : _brys., wykr. ; _c24 cm. |
||
| 504 | _aBibliogr. | ||
| 650 | 9 |
_aPrzedsiębiorstwa małe i średnie _xzagadnienia _zPolska _yod 1989 r. |
|
| 700 | 1 |
_aADAMCZYK, Jadwiga. _eRed. |
|
| 700 | 1 |
_aBARTKOWIAK, Piotr. _eRed. |
|
| 020 | _a8320429358 | ||
| 040 | _cBPK | ||
| 041 | 0 | _apol | |
| 080 | _a658.114(438)"1989/..." | ||
| 920 | _a83-204-2935-8 | ||
| 942 | _cKS | ||
| 008 | s pl f |000 0 pol | ||
| 999 |
_c46887 _d46887 |
||
| 856 |
_uhttp://koha.tu.koszalin.pl/cgi-bin/koha/opac-detail.pl?biblionumber=46887 _yKatalog online BPK |
||